| 000 | 00389nam a22001457a 4500 | ||
|---|---|---|---|
| 020 | _a9780138961015 | ||
| 040 | _cNust | ||
| 082 |
_a658.4038 _bMCL'M |
||
| 100 |
_aRaymond McLeod,Jr _9126808 |
||
| 245 | _aManagement information system | ||
| 250 | _a7th Edition | ||
| 260 |
_aNew Jersey: _bPrentice Hall , _c1998. |
||
| 650 |
_aManagement information system _9126809 |
||
| 942 |
_2ddc _cBK |
||
| 999 |
_c612262 _d612262 |
||